000 00342nam a22001217a 4500
008 180426b xxu||||| |||| 00| 0 eng d
041 _aeng
080 _a043.3
100 _a0
101 _aMBE-MA
245 _aAnaliza e Efekteve te Krizes Financiare ne Menaxhimin e Riskut: Rasti i Sektorit Bankar te Kosoves
_cHasolli, F
942 _2udc
_cBK
999 _c45590
_d45590